5HLuxD.jpg

KING HENRY VIII SENIOR AND PRIMARY SCHOOL LIBRARY OPAC

Home sweet forever home / (Record no. 3439)

000 -LEADER
fixed length control field 01484cam a22003858i 4500
001 - CONTROL NUMBER
control field 21619629
003 - CONTROL NUMBER IDENTIFIER
control field OSt
005 - DATE AND TIME OF LATEST TRANSACTION
control field 20240120121030.0
008 - FIXED-LENGTH DATA ELEMENTS--GENERAL INFORMATION
fixed length control field 200722s2021 nyu c 000 1 eng
010 ## - LIBRARY OF CONGRESS CONTROL NUMBER
LC control number 2020031906
020 ## - INTERNATIONAL STANDARD BOOK NUMBER
International Standard Book Number 9781534475304
Qualifying information (hardback)
040 ## - CATALOGING SOURCE
Original cataloging agency DLC
Language of cataloging eng
Description conventions rda
Transcribing agency DLC
Modifying agency DLC
-- KH8
042 ## - AUTHENTICATION CODE
Authentication code lcac
-- pcc
082 00 - DEWEY DECIMAL CLASSIFICATION NUMBER
Classification number FIC ALP
Edition number 23
100 1# - MAIN ENTRY--PERSONAL NAME
Personal name Alpine, Rachele,
Dates associated with a name 1979-
Relator term author.
245 10 - TITLE STATEMENT
Title Home sweet forever home /
Statement of responsibility, etc. by Rachele Alpine ; illustrated by Addy Rivera Sonda.
250 ## - EDITION STATEMENT
Edition statement First Aladdin paperback edition.
263 ## - PROJECTED PUBLICATION DATE
Projected publication date 1111
264 #1 - PRODUCTION, PUBLICATION, DISTRIBUTION, MANUFACTURE, AND COPYRIGHT NOTICE
Place of production, publication, distribution, manufacture New York :
Name of producer, publisher, distributor, manufacturer Aladdin,
Date of production, publication, distribution, manufacture, or copyright notice 2021.
300 ## - PHYSICAL DESCRIPTION
Extent 140 pages :
Other physical details illustrations ;
Dimensions 22 cm
336 ## - CONTENT TYPE
Content type term text
Content type code txt
Source rdacontent
337 ## - MEDIA TYPE
Media type term unmediated
Media type code n
Source rdamedia
338 ## - CARRIER TYPE
Carrier type term volume
Carrier type code nc
Source rdacarrier
490 0# - SERIES STATEMENT
Series statement he invincible girls club ;
Volume/sequential designation book 1
520 ## - SUMMARY, ETC.
Summary, etc. While volunteering at an animal shelter, Lauren and her three best friends--Ruby, Myka, and Emelyn--plan a cupcake adoption event to help older dogs find a home, but the big day does not go as planned.
521 ## - TARGET AUDIENCE NOTE
Target audience note Ages 7 to 10.
Source Aladdin.
521 ## - TARGET AUDIENCE NOTE
Target audience note Grades 2-3.
Source Aladdin.
650 #1 - SUBJECT ADDED ENTRY--TOPICAL TERM
Topical term or geographic name entry element Dogs
Form subdivision Fiction.
650 #1 - SUBJECT ADDED ENTRY--TOPICAL TERM
Topical term or geographic name entry element Animal shelters
Form subdivision Fiction.
650 #1 - SUBJECT ADDED ENTRY--TOPICAL TERM
Topical term or geographic name entry element Best friends
Form subdivision Fiction.
650 #1 - SUBJECT ADDED ENTRY--TOPICAL TERM
Topical term or geographic name entry element Friendship
Form subdivision Fiction.
700 1# - ADDED ENTRY--PERSONAL NAME
Personal name Sonda, Addy Rivera,
Relator term illustrator.
776 08 - ADDITIONAL PHYSICAL FORM ENTRY
Relationship information Online version:
Main entry heading Alpine, Rachele, 1979-
Title Home sweet forever home
Place, publisher, and date of publication New York : Aladdin, 2021
International Standard Book Number 9781534475311
Record control number (DLC) 2020031907
942 ## - ADDED ENTRY ELEMENTS (KOHA)
Source of classification or shelving scheme
Koha item type Books - Fiction
Holdings
Withdrawn status Lost status Source of classification or shelving scheme Damaged status Not for loan Collection code Permanent Location Current Location Shelving location Date acquired Total Checkouts Total Renewals Full call number Barcode Date last seen Date last checked out Price effective from Koha item type
          Fiction KH8 Primary School Library KH8 Primary School Library Non Fiction 2024-01-20 14 1 FIC ALP KHPL000004385 2026-01-26 2026-01-19 2024-01-20 Books - Fiction

Powered By KH8 IT Dept